Uplatňovanie dlhodobosti v plánovaní a riadení socialistickej ekonomiky

Bibliographic Details
Main Author: Markuš, Jozef, 1944-2025 (Author)
Format: Article
Language:Slovak
PhysicalDescription:Res. rus., angl.
Subjects:

MARC

LEADER 00000nab a2200000 a 4500
001 vtls000063187
003 SK-MaSNL
005 20260305035345.0
008 250423c1980 xo 0 slo
015 |a SNBRB19rr/mm-uuuuu 
035 |a CL0073287 
035 |a urn:nbn:sk:snk-ab6q9r 
035 |a (uuid)2ffd0933-bf9a-4a83-967c-057506bcfa7b 
035 |a (urnnbn)urn:nbn:sk:snk:ar-a057uq 
035 |a (sysno)vtls000063187 
040 |a SNKBUCL  |b slo  |c SNKBUCL  |e AACR2 
041 0 |a slo 
044 |a xo  |c SK 
080 |a 338.2  |2 1981 
100 1 |a Markuš, Jozef,  |d 1944-2025  |4 aut  |9 226346 
245 1 0 |a Uplatňovanie dlhodobosti v plánovaní a riadení socialistickej ekonomiky  |c Jozef Markuš 
300 |b Res. rus., angl. 
650 0 7 |a národné hospodárstvo  |2 SNKPH  |9 846 
650 0 7 |a ekonomické riadenie  |2 SNK  |9 1466125 
650 0 7 |a dlhodobé plánovanie  |2 SNKPH  |9 278943 
650 0 7 |a ekonomické prognózovanie  |2 SNKPH  |9 2143 
655 7 |a články z novín a časopisov  |2 SNK  |9 267496 
773 0 |t Ekonomický časopis  |g Roč. 28, č. 5 (1980), s. 453-464 
850 |a Slovenská národná knižnica 
852 |a Slovenská národná knižnica 
954 |a odborná, vedecká literatúra pôvodná (slovenská)  |2 lita 
958 |a article27 
958 |a RK 
958 |a OND 
958 |a EUIPO 
992 |a RBX 
999 |c 3333488  |d 3335418